Dziewczyna Do Wziecia (Lp Sx 2587) (Record n. 99568)

Dettagli MARC
000 -LEADER
fixed length control field 02897njm a2200469Ia 4500
001 - CONTROL NUMBER
control field 73470
003 - CONTROL NUMBER IDENTIFIER
control field IT-RoPAU
005 - DATE AND TIME OF LATEST TRANSACTION
control field 20220918181118.0
008 - FIXED-LENGTH DATA ELEMENTS--GENERAL INFORMATION
fixed length control field 131025s9999 xx 000 0 und d
040 ## - CATALOGING SOURCE
Original cataloging agency IT-RoPAU
040 ## - CATALOGING SOURCE
Transcribing agency IT-RoPAU
041 ## - LANGUAGE CODE
Language code of text/sound track or separate title POLACCO
999 ## - SYSTEM CONTROL NUMBERS (KOHA)
Koha Dewey Subclass [OBSOLETE] n.d.
100 ## - MAIN ENTRY--PERSONAL NAME
Personal name AA.VV.
9 (RLIN) 794
100 ## - MAIN ENTRY--PERSONAL NAME
Relator term Autore musica
9 (RLIN) 25076
100 ## - MAIN ENTRY--PERSONAL NAME
Miscellaneous information Codice autore musica SPICS: 12000
9 (RLIN) 796
245 ## - TITLE STATEMENT
Title Dziewczyna Do Wziecia (Lp Sx 2587)
250 ## - EDITION STATEMENT
Edition statement 1a ed.
260 ## - PUBLICATION, DISTRIBUTION, ETC. (IMPRINT)
Place of publication, distribution, etc. POLONIA
260 ## - PUBLICATION, DISTRIBUTION, ETC. (IMPRINT)
Name of publisher, distributor, etc. MUZA
Date of publication, distribution, etc. 1988 [1a Ed.:1987 - Ed. Lingua Orig.: 1987]
300 ## - PHYSICAL DESCRIPTION
Extent DISCO
500 ## - GENERAL NOTE
General note Musica leggera polacca. Canzone polacca
505 ## - FORMATTED CONTENTS NOTE
Formatted contents note Dziewczyna Do Wziecia - Jasiu (Oryg. Johnny) - Trzeba Zarabiac - Karolu, Slyszysz Mnie - Niedopieszczona - Czy Ja Naprawde Jestem Taka Smieszna - Kwiat Paproci - Pan Chce Mi Dac Tak Malo - Fizyczne Hobby - Szeptak - Romans Zaslyszany W Barze Mlecznym
650 ## - SUBJECT ADDED ENTRY--TOPICAL TERM
Topical term or geographic name as entry element CANZONE POLACCA [DISCHI]
Relator term Codice MATERIA SPICS: 9950
9 (RLIN) 25077
700 ## - ADDED ENTRY--PERSONAL NAME
Personal name Jodlowska Elzbieta
Miscellaneous information Codice interprete SPICS: 25579
Relator term Interprete
9 (RLIN) 25078
700 ## - ADDED ENTRY--PERSONAL NAME
Personal name Alber H.
Miscellaneous information Codice autore musica SPICS: 23063
Relator term Autore musica
Name of part/section of a work Dziewczyna Do Wziecia - Trzeba Zarabiac - Niedopieszczona - Pan Chce Mi Dac Tak Malo
9 (RLIN) 25079
700 ## - ADDED ENTRY--PERSONAL NAME
Personal name Czapinska M.
Miscellaneous information Codice autore testo/musica SPICS: 25556
Relator term Autore testo/musica
Name of part/section of a work Dziewczyna Do Wziecia - Niedopieszczona - Pan Chce Mi Dac Tak Malo
9 (RLIN) 25080
700 ## - ADDED ENTRY--PERSONAL NAME
Personal name Hollander
Miscellaneous information Codice autore musica SPICS: 23710
Relator term Autore musica
Name of part/section of a work Jasiu (Oryg. Johnny)
9 (RLIN) 25081
700 ## - ADDED ENTRY--PERSONAL NAME
Personal name Maliszewska M.
Miscellaneous information Codice autore testo/musica SPICS: 25557
Relator term Autore testo/musica
Name of part/section of a work Trzeba Zarabiac
9 (RLIN) 25082
700 ## - ADDED ENTRY--PERSONAL NAME
Personal name Matracki B.
Miscellaneous information Codice autore musica SPICS: 25469
Relator term Autore musica
Name of part/section of a work Karolu, Slyszysz Mnie
9 (RLIN) 25083
700 ## - ADDED ENTRY--PERSONAL NAME
Personal name Dabrowski J.
Miscellaneous information Codice autore testo/musica SPICS: 25157
Relator term Autore testo/musica
Name of part/section of a work Karolu, Slyszysz Mnie - Romans Zaslyszany W Barze Mlecznym
9 (RLIN) 25084
700 ## - ADDED ENTRY--PERSONAL NAME
Personal name Gorny M.
Miscellaneous information Codice autore musica SPICS: 25470
Relator term Autore musica
Name of part/section of a work Czy Ja Naprawde Jestem Taka Smieszna
9 (RLIN) 25085
700 ## - ADDED ENTRY--PERSONAL NAME
Personal name Kocylak I.
Miscellaneous information Codice autore testo/musica SPICS: 25558
Relator term Autore testo/musica
Name of part/section of a work Czy Ja Naprawde Jestem Taka Smieszna
9 (RLIN) 25086
700 ## - ADDED ENTRY--PERSONAL NAME
Personal name Kuk W.
Miscellaneous information Codice autore musica SPICS: 25471
Relator term Autore musica
Name of part/section of a work Kwiat Paproci
9 (RLIN) 25087
700 ## - ADDED ENTRY--PERSONAL NAME
Personal name Gillowa J.
Miscellaneous information Codice autore testo/musica SPICS: 25559
Relator term Autore testo/musica
Name of part/section of a work Kwiat Paproci
9 (RLIN) 25088
700 ## - ADDED ENTRY--PERSONAL NAME
Personal name Knittel K.
Miscellaneous information Codice autore musica SPICS: 25472
Relator term Autore musica
Name of part/section of a work Fizyczne Hobby
9 (RLIN) 25089
700 ## - ADDED ENTRY--PERSONAL NAME
Personal name Szwed M.
Miscellaneous information Codice autore testo/musica SPICS: 25560
Relator term Autore testo/musica
Name of part/section of a work Fizyczne Hobby
9 (RLIN) 25090
700 ## - ADDED ENTRY--PERSONAL NAME
Personal name Wieronski M.
Miscellaneous information Codice autore musica SPICS: 25473
Relator term Autore musica
Name of part/section of a work Szeptak
9 (RLIN) 25091
700 ## - ADDED ENTRY--PERSONAL NAME
Personal name Laskowik Z.
Miscellaneous information Codice autore testo/musica SPICS: 25561
Relator term Autore testo/musica
Name of part/section of a work Szeptak
9 (RLIN) 25092
700 ## - ADDED ENTRY--PERSONAL NAME
Personal name Kopff A.
Miscellaneous information Codice autore musica SPICS: 25067
Relator term Autore musica
Name of part/section of a work Romans Zaslyszany W Barze Mlecznym
9 (RLIN) 25093
942 ## - ADDED ENTRY ELEMENTS (KOHA)
Koha item type DISCHI
Source of classification or shelving scheme Dewey Decimal Classification
Dati di copia
Withdrawn status Lost status Damaged status Not for loan Home library Current library Date acquired Total Checkouts Full call number Date last seen Price effective from Koha item type Public note
    Buone Condizioni Not For Loan SPICS-MEDIATECA SPICS-MEDIATECA 25/10/2013   73470 25/10/2013 25/10/2013 DISCHI Progr. Ins.: 17750 / N.Vol.: 1 / Copie: 1 - Copia rara: n.d. / date import: 01.01.2014 - By Epidotti, Trombetti, Vaglietti
CREDITS: SOCIETA' SAN PAOLO Via A.Severo, 58 - ROMA (RM) & PERIODICI SAN PAOLO SRL Via Giotto, 36 MILANO & CISF Via Giotto, 36 MILANO & EDIZIONI SAN PAOLO SRL,  Piazza Soncino, 5 CINISELLO BALSAMO (MI) -- ITALY